[Event "for NEW players (#23) - 10d+1d/m"]
[Site "SchemingMind.com"]
[Date "2010.05.29"]
[Round "-"]
[White "popolepolack"]
[Black "Nikolik"]
[Result "0-1"]
[WhiteCountry "INT"]
[BlackCountry "URU"]
[WhiteElo "1340"]
[WhiteRD "109"]
[BlackElo "2081"]
[BlackRD "102"]
[GameID "250405"]

1. e3 e5 2. Qh5 Nc6 3. Bb5 Nf6 4. Qf3 d5 5. Bxc6+ bxc6 6. h3 Bd6 7. d3 O-O 8. e4 Bb4+ 9. c3 Be7 10. Bg5 Rb8
11. Bxf6 Bxf6 12. b4 dxe4 13. Qxe4 c5 14. bxc5 Ba6 15. c4 Bb7 16. Qg4 e4 17. dxe4 Bxa1 18. Nf3 Qd3
0-1

[Event "for NEW players (#23) - 10d+1d/m"]
[Site "SchemingMind.com"]
[Date "2010.05.29"]
[Round "-"]
[White "Nikolik"]
[Black "popolepolack"]
[Result "1-0"]
[WhiteCountry "URU"]
[BlackCountry "INT"]
[WhiteElo "2081"]
[WhiteRD "102"]
[BlackElo "1340"]
[BlackRD "109"]
[GameID "250406"]

1. d4 e6 2. c4 Bb4+ 3. Bd2 Bxd2+ 4. Nxd2 Nc6 5. Ngf3 Qf6 6. e3 Nge7 7. Ne4 Qg6 8. Bd3 f5 9. Nc3 d5 10. Nb5 Kd7
11. cxd5 Nxd5 12. Rc1 Qxg2 13. Rg1 Qh3 14. Rxg7+ Nde7 15. d5 exd5 16. Bf1 Qh6 17. Qxd5+ Qd6 18. Ne5+
1-0

[Event "for NEW players (#23) - 10d+1d/m"]
[Site "SchemingMind.com"]
[Date "2010.05.30"]
[Round "-"]
[White "alederp"]
[Black "Nikolik"]
[Result "0-1"]
[WhiteCountry "POL"]
[BlackCountry "URU"]
[WhiteElo "1733"]
[WhiteRD "127"]
[BlackElo "2137"]
[BlackRD "101"]
[GameID "250508"]

1. e4 c5 2. Nf3 d6 3. Bc4 Nc6 4. O-O g6 5. Re1 Bg7 6. c3 Nf6 7. d4 cxd4 8. cxd4 Bg4 9. d5 Ne5 10. Bb5+ Nfd7
11. Nbd2 O-O 12. h3 Nxf3+ 13. Nxf3 Bxf3 14. Qxf3 a6 15. Bxd7 Qxd7 16. Rb1 Rac8 17. Bg5 h6 18. Bf4 Rc2 19. Re2 Rfc8 20. a3 Qb5
21. Rxc2 Rxc2 22. b3 Qc5 23. b4 Qc4 24. Be3 h5 25. g4 hxg4 26. hxg4 Bb2 27. Bg5 Bd4 28. Be3 Rc3 29. a4 Bxe3 30. fxe3 Rc1+
31. Rxc1 Qxc1+ 32. Kf2 Qc2+ 33. Qe2 Qxe2+ 34. Kxe2 Kg7 35. Kf3 Kf6 36. Ke2 Ke5
0-1

[Event "for NEW players (#23) - 10d+1d/m"]
[Site "SchemingMind.com"]
[Date "2010.05.30"]
[Round "-"]
[White "alederp"]
[Black "popolepolack"]
[Result "1-0"]
[WhiteCountry "POL"]
[BlackCountry "INT"]
[WhiteElo "1730"]
[WhiteRD "194"]
[BlackElo "1340"]
[BlackRD "109"]
[GameID "250509"]

1. e4 e6 2. Nf3 Nf6 3. Bc4 Nxe4 4. O-O d5 5. Bb5+ Bd7 6. Bxd7+ Qxd7 7. Ne5 Qe7 8. d4 c5 9. Nc3 Nxc3 10. bxc3 cxd4
11. cxd4 Qh4 12. c4 Qe4 13. Qa4+ Kd8 14. Nxf7+ Ke7 15. Nxh8 Qxd4 16. Bg5+ Kd6 17. Nf7+ Kc7 18. cxd5 Qxa4 19. Rac1+ Kd7 20. Ne5+ Kd6
21. Nf7+ Kxd5 22. Rfd1+ Ke4 23. Re1+ Kf5 24. Re5+ Kg6 25. Nh8+ Kh5 26. h3 Qg4 27. hxg4+ Kxg4 28. Rc4+
1-0

[Event "for NEW players (#23) - 10d+1d/m"]
[Site "SchemingMind.com"]
[Date "2010.05.30"]
[Round "-"]
[White "Nikolik"]
[Black "alederp"]
[Result "1-0"]
[WhiteCountry "URU"]
[BlackCountry "POL"]
[WhiteElo "2081"]
[WhiteRD "102"]
[BlackElo "1730"]
[BlackRD "194"]
[GameID "250510"]

1. d4 d5 2. c4 dxc4 3. e4 e5 4. Nf3 exd4 5. Bxc4 Bg4 6. Qb3 Qe7 7. Nxd4 Qb4+ 8. Nc3 a6 9. Bxf7+ Kd8 10. Bxg8 Qxd4
11. Bg5+ Be7 12. f3 Qe5 13. Bxe7+ Kxe7 14. Qf7+ Kd8 15. fxg4
1-0

[Event "for NEW players (#23) - 10d+1d/m"]
[Site "SchemingMind.com"]
[Date "2010.05.30"]
[Round "-"]
[White "popolepolack"]
[Black "alederp"]
[Result "0-1"]
[WhiteCountry "INT"]
[BlackCountry "POL"]
[WhiteElo "1340"]
[WhiteRD "109"]
[BlackElo "1730"]
[BlackRD "194"]
[GameID "250511"]

1. e3 e5 2. a4 Bc5 3. Qh5 Qe7 4. Nf3 Nc6 5. Bb5 Nf6 6. Qg5 O-O 7. Bxc6 dxc6 8. Qxe5 Qxe5 9. Nxe5 Bf5 10. c3 Rad8
11. b4 Bd6 12. Nc4 Bd3 13. Nxd6 Rxd6 14. b5 c5 15. Ba3 b6 16. a5 Re8 17. c4 Bxc4 18. Nc3 Bd3 19. axb6 axb6 20. Bb2 Ne4
21. Ra7 c6 22. Nxe4 Bxe4 23. O-O cxb5 24. d4 c4 25. Rfa1 b4 26. f3 Bc6 27. e4 c3 28. Bxc3 bxc3 29. d5 Bb5 30. R1a3 Rc8
31. Rxc3 Rdd8 32. Rxc8 Rxc8 33. d6 Bc6 34. Rc7 Rxc7 35. dxc7 Bb7 36. Kf2 Kf8
0-1

[Event "for NEW players (#23) - 10d+1d/m"]
[Site "SchemingMind.com"]
[Date "2010.06.05"]
[Round "-"]
[White "sg51ph"]
[Black "Nikolik"]
[Result "0-1"]
[WhiteCountry "ENG"]
[BlackCountry "URU"]
[WhiteElo "1837"]
[WhiteRD "123"]
[BlackElo "2137"]
[BlackRD "101"]
[GameID "250576"]

1. e4 c5 2. Nf3 d6 3. Bb5+ Bd7 4. Bxd7+ Qxd7 5. d4 cxd4 6. Nxd4 Nf6 7. Nc3 g6 8. O-O Bg7 9. Be3 O-O 10. f3 Nc6
11. Qd2 d5 12. exd5 Nxd5 13. Nxc6 bxc6 14. Nxd5 Qxd5 15. c3 Qxd2 16. Bxd2 Rab8 17. b3 a5 18. Rab1 c5 19. c4 Bd4+ 20. Kh1 Rb7
21. Rfd1 Ra8 22. g3 e5 23. Kg2 Rab8 24. Be1 a4 25. Rd3 f5 26. Bf2 e4 27. fxe4 fxe4 28. Rxd4 cxd4 29. Bxd4 axb3 30. axb3 Rxb3
31. Rxb3 Rxb3
0-1

[Event "for NEW players (#23) - 10d+1d/m"]
[Site "SchemingMind.com"]
[Date "2010.05.31"]
[Round "-"]
[White "sg51ph"]
[Black "alederp"]
[Result "0-1"]
[WhiteCountry "ENG"]
[BlackCountry "POL"]
[WhiteElo "1837"]
[WhiteRD "123"]
[BlackElo "1733"]
[BlackRD "127"]
[GameID "250578"]

1. e4 e5 2. Nf3 Nc6 3. Bb5 Bc5 4. O-O Nge7 5. Nxe5 Nxe5 6. d4 c6 7. Be2 d5 8. exd5 Qxd5 9. dxc5 Qxc5 10. Nc3 O-O
11. Be3 Qb4 12. Rb1 Bf5 13. a3 Qh4 14. g3 Qh3 15. f4 Ng4 16. Bxg4 Bxg4 17. Qd2 Nf5 18. Rfe1 Rfe8 19. Bxa7 Bf3 20. Rxe8+ Rxe8
21. Qf2 Qh5 22. Rf1 Bg4 23. Re1 Rxe1+ 24. Qxe1 h6 25. Ne4 Qg6 26. Nf2 Bf3 27. Nd3 Qh5 28. Qe8+ Kh7 29. Ne5 Bd5 30. Nd7 Qd1+
31. Kf2 Nd6
0-1

[Event "for NEW players (#23) - 10d+1d/m"]
[Site "SchemingMind.com"]
[Date "2010.06.05"]
[Round "-"]
[White "Nikolik"]
[Black "sg51ph"]
[Result "1-0"]
[WhiteCountry "URU"]
[BlackCountry "ENG"]
[WhiteElo "2118"]
[WhiteRD "101"]
[BlackElo "1616"]
[BlackRD "167"]
[GameID "250579"]

1. d4 Nf6 2. c4 g6 3. Nc3 Bg7 4. e4 d6 5. Nge2 O-O 6. Ng3 e5 7. d5 c6 8. Be2 cxd5 9. exd5 Bd7 10. O-O Na6
11. Bg5 h6 12. Be3 b6 13. f4 exf4 14. Bxf4 Ne8 15. Qd2 g5 16. Be3 f5 17. Nh5 Be5 18. Bd4 Qe7 19. Bxe5 Qxe5 20. Rae1 Qe7
21. Nb5 Bxb5 22. cxb5 Nc5 23. Bg4 Ne4 24. Rxf5 Rxf5 25. Bxf5 Nxd2 26. Rxe7
1-0

[Event "for NEW players (#23) - 10d+1d/m"]
[Site "SchemingMind.com"]
[Date "2010.05.31"]
[Round "-"]
[White "popolepolack"]
[Black "sg51ph"]
[Result "0-1"]
[WhiteCountry "INT"]
[BlackCountry "ENG"]
[WhiteElo "1340"]
[WhiteRD "109"]
[BlackElo "1703"]
[BlackRD "190"]
[GameID "250580"]

1. e3 e5 2. a4 d5 3. Bb5+ c6 4. Be2 Nf6 5. h3 Bd6 6. Bg4 O-O 7. Bxc8 Qxc8 8. d4 exd4 9. Qxd4 Qe6 10. Nf3 Nbd7
11. b3 c5 12. Qh4 Be5
0-1

[Event "for NEW players (#23) - 10d+1d/m"]
[Site "SchemingMind.com"]
[Date "2010.06.02"]
[Round "-"]
[White "alederp"]
[Black "sg51ph"]
[Result "0-1"]
[WhiteCountry "POL"]
[BlackCountry "ENG"]
[WhiteElo "1733"]
[WhiteRD "127"]
[BlackElo "1837"]
[BlackRD "123"]
[GameID "250581"]

1. e4 e5 2. Nf3 Nf6 3. Nxe5 d6 4. Nf3 Nxe4 5. Bc4 d5 6. Bb3 Be7 7. O-O O-O 8. d4 Nc6 9. Re1 Bg4 10. Bf4 Bxf3
11. gxf3 Nf6 12. Nc3 a6 13. a4 Qd7 14. Kh1 Bb4 15. Rg1 Kh8 16. Qd3 Ne7 17. Rg5 h6 18. Rg2 Ng6 19. Be5 Nxe5 20. dxe5 Bxc3
21. bxc3 Nh5 22. Qxd5 Qxd5 23. Bxd5 c6 24. Bb3 Nf4 25. Rg4 Ne2 26. Rd1 Rad8 27. Rxd8 Rxd8 28. Bxf7 Nxc3 29. e6 Nd5 30. Rd4 Rb8
0-1

[Event "for NEW players (#23) - 10d+1d/m"]
[Site "SchemingMind.com"]
[Date "2010.06.06"]
[Round "-"]
[White "stimut"]
[Black "Nikolik"]
[Result "0-1"]
[WhiteCountry "AUS"]
[BlackCountry "URU"]
[WhiteElo "1668"]
[WhiteRD "141"]
[BlackElo "2118"]
[BlackRD "101"]
[GameID "250753"]

1. d4 Nf6 2. Bf4 d6 3. e3 g6 4. Bd3 Bg7 5. Nf3 O-O 6. Nbd2 c5 7. c3 Nc6 8. h4 e5 9. Bg3 exd4 10. exd4 Re8+
11. Be2 cxd4 12. cxd4 Qe7 13. Ng1 Nxd4 14. Nc4 Ne4 15. Bf4 d5 16. Ne3 Qb4+ 17. Kf1 Nd2+ 18. Ke1 N2b3+ 19. Kf1 Nxa1 20. Qxa1 Nxe2
21. Nxe2 d4 22. Nc2 Qc4 23. Qd1 d3 24. Ne3 dxe2+ 25. Qxe2 Qxf4
0-1

[Event "for NEW players (#23) - 10d+1d/m"]
[Site "SchemingMind.com"]
[Date "2010.06.02"]
[Round "-"]
[White "stimut"]
[Black "alederp"]
[Result "0-1"]
[WhiteCountry "AUS"]
[BlackCountry "POL"]
[WhiteElo "1553"]
[WhiteRD "124"]
[BlackElo "1733"]
[BlackRD "127"]
[GameID "250755"]

1. d4 d5 2. Bf4 Nf6 3. e3 e6 4. Bd3 Bd6 5. Bg3 O-O 6. Nf3 Nc6 7. c3 b6 8. Qc2 Ne7 9. Bh4 Ng6 10. Nbd2 Re8
11. Ne5 Nxh4 12. O-O-O c5 13. b3 cxd4 14. exd4 Nxg2 15. Ndf3 Nf4 16. Ng5 Nxd3+ 17. Qxd3 Rf8 18. Ng4 Bf4+ 19. Kb2 Bxg5
0-1

[Event "for NEW players (#23) - 10d+1d/m"]
[Site "SchemingMind.com"]
[Date "2010.06.02"]
[Round "-"]
[White "stimut"]
[Black "sg51ph"]
[Result "1-0"]
[WhiteCountry "AUS"]
[BlackCountry "ENG"]
[WhiteElo "1668"]
[WhiteRD "141"]
[BlackElo "1616"]
[BlackRD "167"]
[GameID "250756"]

1. d4 Nf6 2. c4 g6 3. Nc3 Bg7 4. e4 O-O 5. e5 Ne8 6. f4 e6 7. Nf3 b6 8. b3 d6 9. Bd3 dxe5 10. Nxe5 Qxd4
11. Bb2 Bxe5 12. fxe5 Qxe5+ 13. Be2 Bb7 14. O-O c5 15. Bf3 Bxf3 16. Qxf3 Qd4+ 17. Rf2 Nc7 18. Na4 Qd8 19. Rd1 Qe7 20. Bf6 Qe8
21. Rd8 Qc6 22. Be7 Ne8 23. Qxc6 Nxc6 24. Rxa8 Nxe7 25. Rxa7 Nc8 26. Rb7 Ned6 27. Rb8 Ne4 28. Rf4 f5 29. Nxb6 Nxb6 30. Rxb6 Rd8
31. Rxe6 Rd1+ 32. Rf1 Rd2 33. Ra1 Kf7 34. Rc6 h5 35. a4
1-0

[Event "for NEW players (#23) - 10d+1d/m"]
[Site "SchemingMind.com"]
[Date "2010.06.06"]
[Round "-"]
[White "Nikolik"]
[Black "stimut"]
[Result "1-0"]
[WhiteCountry "URU"]
[BlackCountry "AUS"]
[WhiteElo "2118"]
[WhiteRD "101"]
[BlackElo "1668"]
[BlackRD "141"]
[GameID "250757"]

1. d4 d5 2. c4 Bf5 3. cxd5 Nf6 4. Nc3 Nxd5 5. f3 Bg6 6. e4 Nb4 7. Qa4+ c6 8. Qxb4 b5 9. Qb3 Qxd4 10. Nd5 cxd5
11. Bxb5+ Kd8 12. Ne2 Qe5 13. Bf4 Qe6 14. Nd4 Qb6 15. Qxd5+ Nd7 16. Qxd7#
1-0

[Event "for NEW players (#23) - 10d+1d/m"]
[Site "SchemingMind.com"]
[Date "2010.06.03"]
[Round "-"]
[White "alederp"]
[Black "stimut"]
[Result "1-0"]
[WhiteCountry "POL"]
[BlackCountry "AUS"]
[WhiteElo "1733"]
[WhiteRD "127"]
[BlackElo "1553"]
[BlackRD "124"]
[GameID "250759"]

1. e4 g6 2. Nf3 Bg7 3. Bc4 d6 4. O-O e5 5. d4 Nc6 6. Bg5 Bf6 7. Bxf6 Nxf6 8. dxe5 Nxe5 9. Nxe5 dxe5 10. Nc3 O-O
11. Qf3 Bg4 12. Qg3 Qd4 13. Bb3 Nxe4 14. Qxg4 Nd2 15. Qg5 Nxf1 16. Kxf1 a5 17. Rd1 Qb4 18. Nd5 Qb5+ 19. c4 Qc5 20. Qxe5 a4
21. Nf6+ Kg7 22. Ne8+ Kh6 23. Qg7+ Kg5 24. h4+ Kg4 25. Rd4+ Qxd4 26. Qxd4+ Kh5 27. Bd1+ Kh6 28. Qg7#
1-0

[Event "for NEW players (#23) - 10d+1d/m"]
[Site "SchemingMind.com"]
[Date "2010.06.02"]
[Round "-"]
[White "sg51ph"]
[Black "stimut"]
[Result "1-0"]
[WhiteCountry "ENG"]
[BlackCountry "AUS"]
[WhiteElo "1837"]
[WhiteRD "123"]
[BlackElo "1553"]
[BlackRD "124"]
[GameID "250760"]

1. e4 g6 2. d4 Bg7 3. Nf3 d6 4. c3 Nf6 5. Bd3 O-O 6. O-O Bg4 7. Nbd2 c5 8. h3 Bd7 9. Re1 Nh5 10. Nf1 Nc6
11. Be3 Qb6 12. dxc5 Qxb2 13. cxd6 Bxc3 14. dxe7 Nxe7 15. Rb1 Qxa2 16. Rxb7 Bxe1 17. Rxd7 Qe6 18. Bc2 Ba5 19. Bb3 Qxe4 20. Qa1 Bb6
21. N1d2 Qb4 22. Bh6 Qc5 23. Ne4 Qf5 24. Rxe7
1-0

[Event "for NEW players (#23) - 10d+1d/m"]
[Site "SchemingMind.com"]
[Date "2010.06.06"]
[Round "-"]
[White "Behemot"]
[Black "Nikolik"]
[Result "0-1"]
[WhiteCountry "INT"]
[BlackCountry "URU"]
[WhiteElo "1688"]
[WhiteRD "168"]
[BlackElo "2081"]
[BlackRD "102"]
[GameID "251031"]

1. e4 d5 2. exd5 Nf6 3. Bb5+ Bd7 4. Bxd7+ Qxd7 5. Nc3 Nxd5 6. Nf3 Nc6 7. O-O O-O-O 8. d4 h6 9. Ne4 e6 10. c4 Nb6
11. c5 Nd5 12. a3 f5 13. Nc3 g5 14. Qa4 Bg7 15. Nxd5 Qxd5 16. b4 g4 17. b5 gxf3 18. bxc6 Bxd4 19. Qxa7 Qxc6 20. Rb1 Qe4
21. Bf4 fxg2
0-1

[Event "for NEW players (#23) - 10d+1d/m"]
[Site "SchemingMind.com"]
[Date "2010.06.05"]
[Round "-"]
[White "Behemot"]
[Black "alederp"]
[Result "1-0"]
[WhiteCountry "INT"]
[BlackCountry "POL"]
[WhiteElo "1798"]
[WhiteRD "148"]
[BlackElo "1645"]
[BlackRD "177"]
[GameID "251033"]

1. e4 e5 2. Nf3 Nc6 3. d4 exd4 4. Nxd4 d5 5. Bb5 Bd7 6. exd5 Nxd4 7. Bxd7+ Qxd7 8. Qxd4 O-O-O 9. c4 Re8+ 10. Be3 a6
11. Qa7 Qd6 12. O-O Nf6 13. Nc3 Ng4 14. g3 Nxe3 15. fxe3 Qc5 16. Qa8+ Kd7 17. Qxb7 Rxe3 18. Rxf7+ Be7 19. Kg2 Qxc4 20. d6 Kxd6
21. Rd1+ Rd3 22. Rxd3+ Qxd3 23. Qb4+ c5 24. Qb6+
1-0

[Event "for NEW players (#23) - 10d+1d/m"]
[Site "SchemingMind.com"]
[Date "2010.06.04"]
[Round "-"]
[White "Behemot"]
[Black "stimut"]
[Result "1-0"]
[WhiteCountry "INT"]
[BlackCountry "AUS"]
[WhiteElo "1798"]
[WhiteRD "148"]
[BlackElo "1668"]
[BlackRD "141"]
[GameID "251034"]

1. e4 g6 2. d4 Bg7 3. Nc3 Nc6 4. d5 Ne5 5. f4 d6 6. fxe5 Bxe5 7. Nf3 Bg4 8. Bb5+ c6 9. dxc6 bxc6 10. Bxc6+ Bd7
11. Bxa8 Qxa8 12. Nxe5 dxe5 13. O-O Nf6 14. Bh6 Ng4 15. Nd5 Qb7 16. Bg5 f6 17. Bh4 g5 18. Be1 O-O 19. Nxe7+ Kf7 20. Nd5 Kg6
21. h3 Nh6 22. Bb4 Rf7 23. Ne7+ Kg7 24. Ba3 Bb5 25. Nf5+ Kg6 26. Nxh6 Kxh6 27. Re1 Qb6+ 28. Kh1 Qf2 29. Qd5 Rd7 30. Qxb5 Rd2
31. Bf8+ Kh5 32. Qe8+ Kh4 33. Rg1 g4 34. g3+ Qxg3 35. Rxg3 Kxg3 36. Rg1+ Kh4 37. Rxg4+ Kxh3 38. Qh5#
1-0

[Event "for NEW players (#23) - 10d+1d/m"]
[Site "SchemingMind.com"]
[Date "2010.06.05"]
[Round "-"]
[White "Behemot"]
[Black "sg51ph"]
[Result "1-0"]
[WhiteCountry "INT"]
[BlackCountry "ENG"]
[WhiteElo "1688"]
[WhiteRD "168"]
[BlackElo "1703"]
[BlackRD "190"]
[GameID "251035"]

1. e4 e5 2. Nf3 Nf6 3. Nxe5 d6 4. Nf3 Nxe4 5. d4 d5 6. Bd3 Nf6 7. O-O Be7 8. Re1 O-O 9. Bf4 Nc6 10. Nc3 a6
11. h3 Be6 12. Qd2 Re8 13. a3 b5 14. Be5 Nxe5 15. dxe5 Nd7 16. Nd4 c5 17. Nc6 Qc7 18. Nxe7+ Rxe7 19. Qg5 Rae8 20. f4 h6
21. Qg3 c4 22. Be2 Bf5 23. Qf2 Nb6 24. Bf3 Rd8 25. Rad1 Red7 26. g4 d4 27. Nxb5 axb5 28. gxf5 d3 29. f6 dxc2 30. Qg2 g6
31. Qxc2 Rd3 32. Be4 Rxh3 33. Qg2 Rxd1 34. Rxd1 Qc5+ 35. Kf1 Qe3 36. Rd8+ Kh7 37. Bxg6+ fxg6 38. Qb7+ Nd7 39. Qxd7#
1-0

[Event "for NEW players (#23) - 10d+1d/m"]
[Site "SchemingMind.com"]
[Date "2010.06.06"]
[Round "-"]
[White "Nikolik"]
[Black "Behemot"]
[Result "1-0"]
[WhiteCountry "URU"]
[BlackCountry "INT"]
[WhiteElo "2081"]
[WhiteRD "102"]
[BlackElo "1688"]
[BlackRD "168"]
[GameID "251036"]

1. d4 f5 2. c4 Nf6 3. Nf3 g6 4. g3 Bg7 5. Bg2 d6 6. O-O O-O 7. b3 c5 8. e3 Nc6 9. Bb2 Ne4 10. Nc3 Bd7
11. Nxe4 fxe4 12. Ng5 e5 13. d5 Qxg5 14. dxc6 Bxc6 15. Qxd6 Rad8 16. Qxc5 Rd2 17. Bc1 Rc2 18. Qxa7 Qf5 19. Rb1 Rxf2 20. Ba3 Rf7
21. Qb8+ Bf8 22. Bxf8 Rxf8 23. Qd6 Bd7 24. Qd5+ Kh8 25. Qxb7
1-0

[Event "for NEW players (#23) - 10d+1d/m"]
[Site "SchemingMind.com"]
[Date "2010.06.05"]
[Round "-"]
[White "alederp"]
[Black "Behemot"]
[Result "1/2-1/2"]
[WhiteCountry "POL"]
[BlackCountry "INT"]
[WhiteElo "1733"]
[WhiteRD "127"]
[BlackElo "1913"]
[BlackRD "111"]
[GameID "251038"]

1. e4 c5 2. Nf3 e6 3. Bc4 a6 4. O-O b5 5. Be2 Bb7 6. d4 Bxe4 7. Bf4 Nf6 8. Nbd2 Bb7 9. Re1 Nc6 10. c4 bxc4
11. Nxc4 d5 12. Nce5 Bd6 13. Rc1 c4 14. Ng5 O-O 15. Bh5 Bxe5 16. Bxe5 Nxe5 17. dxe5 Nxh5 18. Qxh5 h6 19. Nf3 Qb6 20. Re2 Rac8
21. Qg4 Rfd8 22. Nd4 c3 23. bxc3 Rxc3 24. Rd1 Rdc8 25. Red2 Qc7 26. f4 Bc6 27. f5 Qxe5 28. fxe6 fxe6 29. Re2 Re3 30. Rde1 Qe4
31. Qxe4 Rxe4 32. Nxe6 Rb8 33. Kf2 Re8 34. Rxe4 dxe4 35. Nc5 a5 36. Ke3 Re5 37. Rc1 Bb5 38. Nxe4 a4=
1/2-1/2

[Event "for NEW players (#23) - 10d+1d/m"]
[Site "SchemingMind.com"]
[Date "2010.06.04"]
[Round "-"]
[White "stimut"]
[Black "Behemot"]
[Result "0-1"]
[WhiteCountry "AUS"]
[BlackCountry "INT"]
[WhiteElo "1689"]
[WhiteRD "169"]
[BlackElo "1688"]
[BlackRD "168"]
[GameID "251039"]

1. d4 Nf6 2. c4 e6 3. Nc3 Bb4 4. Qc2 O-O 5. a3 Bxc3+ 6. Qxc3 b6 7. e3 Bb7 8. Nf3 d6 9. Bd3 Nbd7 10. Qc2 e5
11. e4 h6 12. Be3 Ng4 13. Qd2 Nxe3 14. Qxe3 exd4 15. Nxd4 Nc5 16. Bc2 Nxe4 17. O-O-O Nc5 18. Nf5 Qf6 19. b4 Rfe8 20. Qf4 Re2
21. bxc5 Qa1+ 22. Bb1 Qc3+ 23. Bc2 Qxc2#
0-1

[Event "for NEW players (#23) - 10d+1d/m"]
[Site "SchemingMind.com"]
[Date "2010.06.05"]
[Round "-"]
[White "sg51ph"]
[Black "Behemot"]
[Result "1-0"]
[WhiteCountry "ENG"]
[BlackCountry "INT"]
[WhiteElo "1703"]
[WhiteRD "190"]
[BlackElo "1688"]
[BlackRD "168"]
[GameID "251040"]

1. e4 c5 2. Nf3 e6 3. d4 cxd4 4. Nxd4 a6 5. Nc3 Qc7 6. Be2 b5 7. a3 Bb7 8. Be3 Nf6 9. f3 Nc6 10. Qd2 Bd6
11. Ndxb5 axb5 12. Nxb5 Bg3+ 13. hxg3 Qxg3+ 14. Kf1 O-O 15. Bf4 Qg6 16. Bd3 e5 17. Bg5 Nh5 18. Kf2 h6 19. g4 Nf6 20. Bxh6 gxh6
21. Rxh6 Qg7 22. g5 Ne8 23. g6 Ne7 24. gxf7+ Rxf7 25. Qe3 Nf6 26. Rg1 Ng4+ 27. Rxg4 Qxg4 28. Nd6 Rf4 29. Nxb7 Raf8 30. Be2 Rxe4
31. Rh8+ Kxh8 32. Qh6+ Kg8 33. Qxf8+ Kxf8 34. fxg4 Rf4+ 35. Kg3 d5 36. Nc5 Ke8 37. a4 Kd8 38. Ne6+
1-0